[Event "Titled Tuesday intern op 14th Jan Early"]
[Site "Chess.com INT"]
[Date "2025.01.14"]
[Round "9"]
[White "Araujo Filho, Luiz Antonio"]
[Black "Chernov, Alexander A"]
[Result "0-1"]
[WhiteElo "2077"]
[BlackElo "2314"]
[PlyCount "62"]
[EventDate "2025.01.14"]
[EventType "swiss (blitz)"]
[EventRounds "11"]
[EventCountry "USA"]
[SourceTitle "CB04_2025"]
[SourceDate "2025.01.22"]
[SourceVersion "1"]
[SourceVersionDate "2025.01.22"]
[SourceQuality "1"]

1. d4 Nf6 2. Nf3 e6 3. e3 b6 4. Bd3 Bb7 5. Nbd2 d5 6. Qe2 Ne4 7. 0-0 Bd6 8. c3 0-0 9. Re1 Nd7 10. Nf1 e5 11. dxe5 Nxe5 12. Nxe5 Bxe5 13. f3 Nf6 14. f4 Bd6 15. Ng3 Re8 16. Nf5 Bxf4 17. Qf3 Be5 18. Qh3 Ne4 19. Rf1 Qg5 20. Nh4 g6 21. Nf3 Qe7 22. Bd2 Bg7 23. Be1 Rad8 24. Bh4 g5 25. Bxg5 Nxg5 26. Nxg5 Qxg5 27. Qxh7+ Kf8 28. Rxf7+ Kxf7 29. Rf1+ Ke7 30. Bg6 Qh6 31. Rf7+ Kd6 0-1

[Event "Titled Tuesday intern op 14th Jan Early"]
[Site "Chess.com INT"]
[Date "2025.01.14"]
[Round "8"]
[White "Baqer, Hamed Khlaf"]
[Black "Chernov, Alexander A"]
[Result "0-1"]
[WhiteElo "2003"]
[BlackElo "2314"]
[PlyCount "56"]
[EventDate "2025.01.14"]
[EventType "swiss (blitz)"]
[EventRounds "11"]
[EventCountry "USA"]
[SourceTitle "CB04_2025"]
[SourceDate "2025.01.22"]
[SourceVersion "1"]
[SourceVersionDate "2025.01.22"]
[SourceQuality "1"]

1. e4 e5 2. Nf3 Nc6 3. Bc4 Bc5 4. d3 d6 5. c3 Nf6 6. Bb3 a6 7. Nbd2 Ba7 8. h3 h6 9. Nf1 d5 10. Qe2 dxe4 11. dxe4 Qe7 12. Ng3 g6 13. 0-0 Kf8 14. Be3 Kg7 15. Bxa7 Nxa7 16. Nh4 Be6 17. Kh2 Rad8 18. f4 exf4 19. Rxf4 Nd7 20. Raf1 Rhf8 21. Bxe6 fxe6 22. Rxf8 Rxf8 23. Rxf8 Nxf8 24. Qf2 Nc6 25. Nf3 Nd7 26. Qe3 Nde5 27. Qe2 Qf6 28. Nxe5 Nxe5 0-1

[Event "Titled Tuesday intern op 14th Jan Early"]
[Site "Chess.com INT"]
[Date "2025.01.14"]
[Round "7"]
[White "Chernov, Alexander A"]
[Black "Vallee, Louis"]
[Result "0-1"]
[WhiteElo "2314"]
[BlackElo "2263"]
[PlyCount "114"]
[EventDate "2025.01.14"]
[EventType "swiss (blitz)"]
[EventRounds "11"]
[EventCountry "USA"]
[SourceTitle "CB04_2025"]
[SourceDate "2025.01.22"]
[SourceVersion "1"]
[SourceVersionDate "2025.01.22"]
[SourceQuality "1"]

1. d4 d5 2. Nf3 Nf6 3. c4 c6 4. Qc2 e6 5. g3 Nbd7 6. Bg2 Bb4+ 7. Nbd2 0-0 8. 0-0 b6 9. a3 Be7 10. b3 Bb7 11. Bb2 Rc8 12. e4 dxe4 13. Nxe4 Nxe4 14. Qxe4 Nf6 15. Qe2 c5 16. Rad1 cxd4 17. Bxd4 Qc7 18. Be5 Qc5 19. Bb2 Rfd8 20. Ne5 Bxg2 21. Kxg2 Bd6 22. Nf3 Qc6 23. Kg1 Ne4 24. Rfe1 Nc5 25. Qe3 a6 26. Rc1 Bf8 27. Red1 h6 28. h4 Qe4 29. Re1 Qxe3 30. Rxe3 Nd3 31. Rc2 Nxb2 32. Rxb2 Bxa3 33. Ra2 Bc5 34. Ree2 Rd1+ 35. Kg2 a5 36. Ne5 Rb1 37. Nd3 Rxb3 38. Nxc5 Rxc5 39. Rec2 Rb4 40. Rab2 Rcxc4 41. Rxc4 Rxb2 42. Rc8+ Kh7 43. Rc7 Kg6 44. g4 a4 45. Ra7 b5 46. Kg3 Rb3+ 47. f3 a3 48. h5+ Kf6 49. Kf4 b4 50. Ke4 Rb2 51. f4 a2 52. Ra5 b3 53. g5+ hxg5 54. fxg5+ Ke7 55. h6 gxh6 56. Ra7+ Kd6 57. gxh6 Rh2 0-1

[Event "Titled Tuesday intern op 14th Jan Early"]
[Site "Chess.com INT"]
[Date "2025.01.14"]
[Round "1"]
[White "Lisenkov, Svyatoslav"]
[Black "Chernov, Alexander A"]
[Result "1-0"]
[WhiteElo "2187"]
[BlackElo "2314"]
[PlyCount "97"]
[EventDate "2025.01.14"]
[EventType "swiss (blitz)"]
[EventRounds "11"]
[EventCountry "USA"]
[SourceTitle "CB04_2025"]
[SourceDate "2025.01.22"]
[SourceVersion "1"]
[SourceVersionDate "2025.01.22"]
[SourceQuality "1"]

1. e4 c6 2. d4 d6 3. Nc3 Qc7 4. Nf3 e5 5. Be2 Be7 6. Be3 Nf6 7. h3 0-0 8. 0-0 b5 9. a3 Bb7 10. d5 a6 11. Qd2 cxd5 12. Nxd5 Bxd5 13. exd5 Nbd7 14. a4 Rab8 15. axb5 axb5 16. Ra7 Rb7 17. Rfa1 Rfb8 18. Bxb5 Nc5 19. Rxb7 Qxb7 20. Bxc5 Qxb5 21. Ba3 Nxd5 22. Rd1 Nf4 23. b3 Rd8 24. Kh2 h6 25. Qe3 Qb7 26. g3 Ng6 27. c4 Qb8 28. Bb2 Bf8 29. h4 Ne7 30. Qd3 Nc6 31. Nd2 Nb4 32. Qf3 Na6 33. Ne4 Qc8 34. Bc3 Nb8 35. h5 Qe6 36. Bb4 Nc6 37. Bc3 f5 38. Ng5 hxg5 39. Qxc6 Qh6 40. Qd5+ Kh8 41. Qf7 Rb8 42. b4 Qf6 43. Qg6 f4 44. Qxf6 gxf6 45. b5 Rc8 46. b6 Be7 47. b7 Rb8 48. Rb1 Bd8 49. gxf4 1-0

[Event "Titled Tuesday intern op 14th Jan Early"]
[Site "Chess.com INT"]
[Date "2025.01.14"]
[Round "11"]
[White "Medina, Joshua"]
[Black "Chernov, Alexander A"]
[Result "0-1"]
[WhiteElo "2003"]
[BlackElo "2314"]
[PlyCount "80"]
[EventDate "2025.01.14"]
[EventType "swiss (blitz)"]
[EventRounds "11"]
[EventCountry "USA"]
[SourceTitle "CB04_2025"]
[SourceDate "2025.01.22"]
[SourceVersion "1"]
[SourceVersionDate "2025.01.22"]
[SourceQuality "1"]

1. e4 e5 2. Nf3 Nc6 3. Bb5 Bc5 4. c3 Nf6 5. d4 Bb6 6. Nxe5 0-0 7. Bxc6 dxc6 8. 0-0 c5 9. Be3 cxd4 10. cxd4 Nxe4 11. Nc3 Nd6 12. Qf3 f6 13. Ng4 Qd7 14. h3 Qf5 15. Qg3 Kh8 16. Nh2 Qg6 17. Qxg6 hxg6 18. Nf3 g5 19. Rac1 g4 20. hxg4 Bxg4 21. Nd2 c6 22. Nde4 Nxe4 23. Nxe4 Rad8 24. Nc5 Bc8 25. Rfd1 Rd5 26. b4 Rfd8 27. Re1 Kh7 28. a4 a6 29. a5 Bc7 30. Red1 Bd6 31. Re1 Re8 32. g3 Kg6 33. Kg2 Rh8 34. Rh1 Rdh5 35. Rxh5 Rxh5 36. Rh1 Rxh1 37. Kxh1 Kf5 38. Kg2 Bxc5 39. dxc5 Ke4 40. Bf4 Kd4 0-1

[Event "Titled Tuesday intern op 26th Nov Late"]
[Site "Chess.com INT"]
[Date "2024.11.26"]
[Round "7"]
[White "Chernov, Alexander A"]
[Black "Gorbenko, Rustem"]
[Result "1-0"]
[WhiteElo "2314"]
[BlackElo "2209"]
[PlyCount "67"]
[EventDate "2024.11.26"]
[EventType "swiss (blitz)"]
[EventRounds "11"]
[EventCountry "USA"]
[SourceTitle "CB49_2024"]
[SourceDate "2024.12.04"]
[SourceVersion "1"]
[SourceVersionDate "2024.12.04"]
[SourceQuality "1"]

1. d4 Nf6 2. Nf3 e6 3. c4 b6 4. Nc3 Bb4 5. Bg5 h6 6. Bh4 Bb7 7. e3 g5 8. Bg3 Ne4 9. Qc2 Bxc3+ 10. bxc3 d6 11. Bd3 f5 12. d5 Nd7 13. Nd4 Ndc5 14. 0-0 Qf6 15. Nxe6 Nxe6 16. Bxe4 Ng7 17. Bd3 f4 18. exf4 gxf4 19. Rae1+ Kd8 20. Re4 fxg3 21. fxg3 Qg5 22. Qf2 Re8 23. h4 Qg6 24. Rd4 Qh5 25. g4 Qe5 26. Re4 Qxc3 27. Rxe8+ Nxe8 28. Bg6 Qg7 29. Qe3 Qxg6 30. Rf8 Ba6 31. h5 Qb1+ 32. Kh2 Kc8 33. Qxe8+ Kb7 34. Qc6# 1-0

[Event "Titled Tuesday intern op 26th Nov Late"]
[Site "Chess.com INT"]
[Date "2024.11.26"]
[Round "9"]
[White "Chernov, Alexander A"]
[Black "Sadovsky, Artem"]
[Result "0-1"]
[WhiteElo "2314"]
[BlackElo "2276"]
[PlyCount "68"]
[EventDate "2024.11.26"]
[EventType "swiss (blitz)"]
[EventRounds "11"]
[EventCountry "USA"]
[SourceTitle "CB49_2024"]
[SourceDate "2024.12.04"]
[SourceVersion "1"]
[SourceVersionDate "2024.12.04"]
[SourceQuality "1"]

1. d4 g6 2. e4 Bg7 3. c3 c6 4. f4 d5 5. e5 h5 6. Bd3 Nh6 7. Be3 Bf5 8. Nf3 Bxd3 9. Qxd3 e6 10. Nbd2 Nf5 11. Bf2 Bf8 12. g3 Be7 13. 0-0-0 Nd7 14. Kb1 c5 15. dxc5 Bxc5 16. Bd4 Rc8 17. Nb3 b6 18. Rc1 Be7 19. c4 dxc4 20. Rxc4 Rxc4 21. Qxc4 Qa8 22. Rf1 Qe4+ 23. Qc2 Qxc2+ 24. Kxc2 Nc5 25. Nxc5 bxc5 26. Bf2 Kd7 27. Rd1+ Kc6 28. Nd2 Rd8 29. Rc1 Nd4+ 30. Bxd4 Rxd4 31. Kc3 Kd5 32. b3 Bd8 33. Nc4 Bc7 34. Rc2 Ke4 0-1

[Event "Titled Tuesday intern op 10th Sep Early"]
[Site "Chess,com INT"]
[Date "2024.09.10"]
[Round "4"]
[White "Chernov, Alexander A"]
[Black "Lopez Abreu, Michel Samuel"]
[Result "1-0"]
[WhiteElo "2314"]
[BlackElo "2038"]
[PlyCount "101"]
[EventDate "2024.09.10"]
[EventType "swiss (blitz)"]
[EventRounds "11"]
[EventCountry "USA"]
[SourceTitle "EXT 2025"]
[Source "ChessBase"]
[SourceDate "2024.10.14"]
[SourceVersion "1"]
[SourceVersionDate "2024.10.14"]
[SourceQuality "1"]

1. d4 d5 2. c4 e6 3. Nf3 Nf6 4. g3 dxc4 5. Bg2 c5 6. 0-0 Nc6 7. Qa4 Bd7 8. Qxc4 b5 9. Qd3 c4 10. Qd1 Rc8 11. Bg5 Be7 12. b3 Na5 13. bxc4 Nxc4 14. Nbd2 0-0 15. Nxc4 Rxc4 16. Ne5 Rc7 17. Qb3 a6 18. Rfc1 Qc8 19. Rxc7 Qxc7 20. Rc1 Qa7 21. e3 h6 22. Bxf6 Bxf6 23. Nxd7 Qxd7 24. Rc6 Rc8 25. Rxa6 Rc1+ 26. Bf1 e5 27. Qd3 exd4 28. Ra8+ Rc8 29. Rxc8+ Qxc8 30. exd4 Qc4 31. Qxc4 bxc4 32. Bxc4 Bxd4 33. a4 Bb6 34. Kf1 Kf8 35. Ke2 Ke7 36. f3 Bc7 37. Kd3 f6 38. Ke4 g6 39. Kd5 Kd7 40. Bb5+ Ke7 41. Kc6 Bd8 42. Bd3 f5 43. Kb5 Kd6 44. a5 Bc7 45. a6 Bb8 46. Kb6 Kd5 47. a7 Bxa7+ 48. Kxa7 Kd4 49. Bb5 Ke3 50. Be8 g5 51. g4 1-0

[Event "Titled Tuesday intern op 10th Sep Early"]
[Site "Chess,com INT"]
[Date "2024.09.10"]
[Round "7"]
[White "Chernov, Alexander A"]
[Black "Thake, Conrad"]
[Result "0-1"]
[WhiteElo "2314"]
[BlackElo "1840"]
[PlyCount "96"]
[EventDate "2024.09.10"]
[EventType "swiss (blitz)"]
[EventRounds "11"]
[EventCountry "USA"]
[SourceTitle "EXT 2025"]
[Source "ChessBase"]
[SourceDate "2024.10.14"]
[SourceVersion "1"]
[SourceVersionDate "2024.10.14"]
[SourceQuality "1"]

1. d4 e6 2. Nc3 f5 3. e4 fxe4 4. Nxe4 Nf6 5. Bg5 Be7 6. Bxf6 Bxf6 7. Nf3 0-0 8. Bd3 b6 9. Qe2 Bb7 10. 0-0-0 Nc6 11. c3 a5 12. h4 a4 13. Nfg5 a3 14. Qh5 axb2+ 15. Kb1 h6 16. Qg6 Bxg5 17. hxg5 Qe8 18. Nf6+ Rxf6 19. Qh7+ Kf8 20. gxf6 Qf7 21. Rh3 g5 22. Qh8+ Qg8 23. Qxh6+ Kf7 24. Bg6+ Qxg6+ 25. Qxg6+ Kxg6 26. Kxb2 Na5 27. Rdh1 Kxf6 28. Rh7 Nc4+ 29. Ka1 Bd5 30. R1h6+ Kf5 31. f3 Kf4 32. Rxd7 Ke3 33. Rh1 Kd3 34. Rxc7 Kxc3 35. Rd1 b5 36. Rh7 b4 37. f4 b3 38. Rh3+ Kc2 39. Rxb3 Kxd1 40. Rb1+ Kc2 41. fxg5 Bxg2 42. g6 Be4 43. g7 Rg8 44. Rg1 Nd6 45. Rg3 Nf5 46. Rg1 Rxg7 47. a3 Rxg1+ 48. Ka2 Bd5# 0-1

[Event "Titled Tuesday intern op 10th Sep Early"]
[Site "Chess,com INT"]
[Date "2024.09.10"]
[Round "9"]
[White "Chernov, Alexander A"]
[Black "Winkels, Marcel"]
[Result "1-0"]
[WhiteElo "2314"]
[BlackElo "1924"]
[PlyCount "85"]
[EventDate "2024.09.10"]
[EventType "swiss (blitz)"]
[EventRounds "11"]
[EventCountry "USA"]
[SourceTitle "EXT 2025"]
[Source "ChessBase"]
[SourceDate "2024.10.14"]
[SourceVersion "1"]
[SourceVersionDate "2024.10.14"]
[SourceQuality "1"]

1. d4 Nf6 2. Nc3 d5 3. Bg5 Bf5 4. Bxf6 gxf6 5. e3 e6 6. Bd3 Bxd3 7. Qxd3 f5 8. g4 fxg4 9. e4 c6 10. 0-0-0 Nd7 11. h3 g3 12. fxg3 Bb4 13. Nge2 Qa5 14. a3 Be7 15. Rdf1 Nf6 16. e5 Nd7 17. Rf3 f5 18. exf6 Bxf6 19. Rhf1 Ke7 20. Nf4 Bg5 21. Kb1 Bxf4 22. Rxf4 Raf8 23. Rxf8 Nxf8 24. Qe3 Qc7 25. Qg5+ Ke8 26. Qh5+ Ng6 27. Ne2 Rf8 28. Re1 Qf7 29. Nc3 Kd7 30. h4 Qf2 31. Re2 Qxg3 32. Qxh7+ Ne7 33. Qh6 Qg6 34. Qe3 Rf1+ 35. Ka2 Nc8 36. Na4 b6 37. h5 Qg7 38. h6 Qf7 39. h7 Rh1 40. Qd3 Rxh7 41. Qa6 Kd8 42. c4 Qb7 43. Qxb7 1-0

[Event "Titled Tuesday intern op 10th Sep Early"]
[Site "Chess,com INT"]
[Date "2024.09.10"]
[Round "10"]
[White "Rajanya, Datta"]
[Black "Chernov, Alexander A"]
[Result "1-0"]
[WhiteElo "1812"]
[BlackElo "2314"]
[PlyCount "125"]
[EventDate "2024.09.10"]
[EventType "swiss (blitz)"]
[EventRounds "11"]
[EventCountry "USA"]
[SourceTitle "EXT 2025"]
[Source "ChessBase"]
[SourceDate "2024.10.14"]
[SourceVersion "1"]
[SourceVersionDate "2024.10.14"]
[SourceQuality "1"]

1. e4 e5 2. Nf3 Nc6 3. c3 d6 4. d4 Be7 5. Bb5 Bd7 6. 0-0 Bf6 7. Be3 Nge7 8. Nbd2 0-0 9. d5 Nb8 10. Bxd7 Nxd7 11. Ne1 g6 12. f4 exf4 13. Bxf4 Bg7 14. Nd3 Nc8 15. Rf3 Qe7 16. Rh3 Ne5 17. Nxe5 Bxe5 18. Bxe5 Qxe5 19. Qg4 Nb6 20. Nf3 Qg7 21. Nd4 Nc4 22. b3 Ne5 23. Qh4 Nd7 24. Rg3 Qf6 25. Qh3 Ne5 26. Rf1 Qd8 27. Qh6 Qd7 28. Nf5 f6 29. Nd4 Rae8 30. Ne6 Rxe6 31. dxe6 Qxe6 32. Rh3 Rf7 33. Qe3 b6 34. Qd4 Kg7 35. Qd5 Qd7 36. c4 Re7 37. Qd2 h5 38. Rg3 a5 39. h3 Qe6 40. Qd5 Qd7 41. Re3 Rf7 42. Re2 Qe7 43. Ref2 Qd7 44. Kh2 Qe7 45. Qd4 Qd7 46. a3 Qc6 47. Qd5 Qd7 48. b4 axb4 49. axb4 Qa4 50. Qe6 Qd7 51. Qxd7 Nxd7 52. Rd2 Ne5 53. Rc1 Re7 54. Kg3 g5 55. c5 bxc5 56. bxc5 dxc5 57. Rxc5 Kg6 58. Kf2 g4 59. hxg4 Nxg4+ 60. Kf3 Ne5+ 61. Kf4 Kf7 62. Rdc2 Ng6+ 63. Ke3 1-0

[Event "Titled Tuesday intern op 03rd Sep Early"]
[Site "Chess.com INT"]
[Date "2024.09.03"]
[Round "3"]
[White "Chernov, Alexander A"]
[Black "Sharapov, Evgeny"]
[Result "0-1"]
[WhiteElo "2314"]
[BlackElo "2375"]
[PlyCount "70"]
[EventDate "2024.09.03"]
[EventType "swiss (blitz)"]
[EventRounds "11"]
[EventCountry "USA"]
[SourceTitle "EXT 2025"]
[Source "ChessBase"]
[SourceDate "2024.10.14"]
[SourceVersion "1"]
[SourceVersionDate "2024.10.14"]
[SourceQuality "1"]

1. d4 Nf6 2. Nf3 c5 3. e3 e6 4. Bd3 d5 5. Nbd2 Nc6 6. c3 Bd6 7. 0-0 0-0 8. dxc5 Bxc5 9. e4 dxe4 10. Nxe4 Nxe4 11. Bxe4 Qe7 12. Re1 h6 13. Be3 Bxe3 14. Rxe3 Rd8 15. Qa4 Bd7 16. Rae1 Ne5 17. Qb3 Nxf3+ 18. Bxf3 Bc6 19. Bxc6 bxc6 20. Qc4 Qd6 21. h3 Qd5 22. Re4 Qxc4 23. Rxc4 Rd2 24. b4 Rxa2 25. Rxc6 Rd8 26. b5 Rdd2 27. Rf1 e5 28. Rc8+ Kh7 29. Re8 f6 30. h4 Rdc2 31. Rc8 Rab2 32. c4 e4 33. c5 e3 34. c6 exf2+ 35. Kh2 Rxb5 0-1

[Event "Titled Tuesday intern op 27th Aug Early"]
[Site "Chess.com INT"]
[Date "2024.08.27"]
[Round "1"]
[White "Antal, Gergely"]
[Black "Chernov, Alexander A"]
[Result "1-0"]
[WhiteElo "2557"]
[BlackElo "2314"]
[PlyCount "69"]
[EventDate "2024.08.27"]
[EventType "swiss (blitz)"]
[EventRounds "11"]
[EventCountry "USA"]
[SourceTitle "EXT 2025"]
[Source "ChessBase"]
[SourceDate "2024.10.14"]
[SourceVersion "1"]
[SourceVersionDate "2024.10.14"]
[SourceQuality "1"]

1. e4 d6 2. Nf3 Nf6 3. Nc3 e5 4. d3 Be7 5. Be3 0-0 6. h3 c5 7. g4 Nc6 8. Bg2 Nd4 9. Nd2 Be6 10. g5 Nd7 11. h4 b5 12. Nd5 Bxd5 13. exd5 b4 14. Bxd4 cxd4 15. Nc4 Nb6 16. Na5 Na4 17. Nc6 Qc7 18. Qd2 a5 19. a3 Nxb2 20. axb4 axb4 21. 0-0 Na4 22. Qxb4 Nc3 23. Qc4 Qd7 24. Kh2 Qg4 25. Nxe7+ Kh8 26. Bh3 Qxh4 27. Rxa8 Rxa8 28. Qc6 Rf8 29. Nf5 Qxg5 30. Qxd6 Qf4+ 31. Ng3 Kg8 32. Qd7 Ne2 33. Qg4 Nxg3 34. fxg3 Qd2+ 35. Bg2 1-0

[Event "Titled Tuesday intern op 27th Aug Early"]
[Site "Chess.com INT"]
[Date "2024.08.27"]
[Round "9"]
[White "Chernov, Alexander A"]
[Black "Lopez Abreu, Michel Samuel"]
[Result "1-0"]
[WhiteElo "2314"]
[BlackElo "2038"]
[PlyCount "37"]
[EventDate "2024.08.27"]
[EventType "swiss (blitz)"]
[EventRounds "11"]
[EventCountry "USA"]
[SourceTitle "EXT 2025"]
[Source "ChessBase"]
[SourceDate "2024.10.14"]
[SourceVersion "1"]
[SourceVersionDate "2024.10.14"]
[SourceQuality "1"]

1. d4 d5 2. Nf3 Nf6 3. c4 e6 4. Nc3 c5 5. cxd5 Nxd5 6. e3 cxd4 7. exd4 Nxc3 8. bxc3 Qc7 9. Bd2 b6 10. Bd3 Bb7 11. 0-0 Nd7 12. c4 Bd6 13. d5 e5 14. Ng5 h6 15. Ne4 0-0 16. Qh5 Nc5 17. Nf6+ gxf6 18. Bxh6 Nxd3 19. Qg4+ 1-0

[Event "Titled Tuesday intern op 20th Aug Early"]
[Site "Chess.com INT"]
[Date "2024.08.20"]
[Round "8"]
[White "Baladjaev, Gara"]
[Black "Chernov, Alexander A"]
[Result "0-1"]
[WhiteElo "2404"]
[BlackElo "2314"]
[PlyCount "72"]
[EventDate "2024.08.20"]
[EventType "swiss (blitz)"]
[EventRounds "11"]
[EventCountry "USA"]
[SourceTitle "EXT 2025"]
[Source "ChessBase"]
[SourceDate "2024.10.14"]
[SourceVersion "1"]
[SourceVersionDate "2024.10.14"]
[SourceQuality "1"]

1. d4 Nf6 2. c4 e6 3. Nf3 b6 4. g3 Bb7 5. Bg2 Be7 6. 0-0 0-0 7. d5 exd5 8. Nh4 c6 9. cxd5 Nxd5 10. Nf5 Bf6 11. e4 Nc7 12. Nc3 d5 13. Qg4 d4 14. e5 Bxe5 15. Bg5 Qd7 16. Ne4 Qe6 17. Bh6 g6 18. Bxf8 Kxf8 19. Nh6 Nd7 20. Qh4 Bf6 21. Nxf6 Qxf6 22. Qe4 Nc5 23. Qf3 Qxf3 24. Bxf3 f5 25. g4 Kg7 26. g5 Ne4 27. Bxe4 fxe4 28. Ng4 c5 29. Ne5 Re8 30. Nc4 Nd5 31. Nd6 Re7 32. Nxb7 Rxb7 33. Rae1 Re7 34. f3 e3 35. Rd1 Nf4 36. Rfe1 d3 0-1

[Event "Titled Tuesday intern op 20th Aug Early"]
[Site "Chess.com INT"]
[Date "2024.08.20"]
[Round "4"]
[White "Chernov, Alexander A"]
[Black "Topalov, Aleksandar"]
[Result "0-1"]
[WhiteElo "2314"]
[BlackElo "2233"]
[PlyCount "72"]
[EventDate "2024.08.20"]
[EventType "swiss (blitz)"]
[EventRounds "11"]
[EventCountry "USA"]
[SourceTitle "EXT 2025"]
[Source "ChessBase"]
[SourceDate "2024.10.14"]
[SourceVersion "1"]
[SourceVersionDate "2024.10.14"]
[SourceQuality "1"]

1. d4 Nf6 2. Nf3 g6 3. g3 Bg7 4. Bg2 0-0 5. 0-0 c5 6. c3 Qc7 7. b3 d6 8. Bb2 a5 9. a4 b6 10. Na3 Ba6 11. Nb5 Bxb5 12. axb5 Ra7 13. c4 Nbd7 14. d5 Re8 15. Qc2 e6 16. dxe6 fxe6 17. e4 e5 18. Rad1 Nf8 19. Bh3 Raa8 20. Rfe1 Rad8 21. Re2 Bh6 22. Ne1 Nh5 23. Ng2 Ng7 24. Ne3 Bxe3 25. Rxe3 Nfe6 26. Qd2 Nd4 27. Rd3 Rf8 28. f4 Rf7 29. Rf1 Rdf8 30. f5 gxf5 31. exf5 Ngxf5 32. Bg2 Kh8 33. Bd5 Rf6 34. Kg2 Qg7 35. Bxd4 Nh4+ 36. Kh3 Rxf1 0-1

[Event "Titled Tuesday intern op 20th Aug Early"]
[Site "Chess.com INT"]
[Date "2024.08.20"]
[Round "9"]
[White "Lotero, Faiber"]
[Black "Chernov, Alexander A"]
[Result "0-1"]
[WhiteElo "2127"]
[BlackElo "2314"]
[PlyCount "80"]
[EventDate "2024.08.20"]
[EventType "swiss (blitz)"]
[EventRounds "11"]
[EventCountry "USA"]
[SourceTitle "EXT 2025"]
[Source "ChessBase"]
[SourceDate "2024.10.14"]
[SourceVersion "1"]
[SourceVersionDate "2024.10.14"]
[SourceQuality "1"]

1. d4 Nf6 2. Bg5 e6 3. e4 h6 4. Bxf6 Qxf6 5. Nc3 d6 6. Bc4 a6 7. a4 g5 8. h3 Bg7 9. Nf3 Nc6 10. Ne2 h5 11. c3 g4 12. hxg4 hxg4 13. Rxh8+ Bxh8 14. Nd2 Bd7 15. Qc2 Bg7 16. 0-0-0 0-0-0 17. f4 gxf3 18. gxf3 Bh6 19. Qd3 Rg8 20. Rh1 Rg2 21. f4 Bxf4 22. Bxa6 Bxd2+ 23. Kxd2 bxa6 24. Qxa6+ Kb8 25. Rh5 Nd8 26. Ra5 Bc6 27. e5 Qg5+ 28. Kd1 dxe5 29. dxe5 Qe3 30. b4 Bb7 31. Qb5 Kc8 32. Qc4 Nc6 33. Rc5 Nxe5 34. Rxc7+ Kb8 35. Rxb7+ Kxb7 36. Qb5+ Kc7 37. Qc4+ Kb7 38. Qb5+ Kc7 39. Qc4+ Nxc4 40. Nd4 Qd2# 0-1

[Event "Titled Tuesday intern op 06th Aug Early"]
[Site "Chess.com INT"]
[Date "2024.08.06"]
[Round "10"]
[White "Chernov, Alexander A"]
[Black "Ghosh, Chanchal Kumer"]
[Result "1-0"]
[WhiteElo "2314"]
[BlackElo "2025"]
[PlyCount "113"]
[EventDate "2024.08.06"]
[EventType "swiss (blitz)"]
[EventRounds "11"]
[EventCountry "USA"]
[SourceTitle "EXT 2025"]
[Source "ChessBase"]
[SourceDate "2024.10.14"]
[SourceVersion "1"]
[SourceVersionDate "2024.10.14"]
[SourceQuality "1"]

1. d4 d6 2. e4 Nf6 3. Nc3 c6 4. Nf3 g6 5. Bf4 Bg7 6. Qd2 0-0 7. Bh6 Nbd7 8. h4 e5 9. Bxg7 Kxg7 10. 0-0-0 h5 11. dxe5 dxe5 12. Nxe5 Qe7 13. Nxd7 Bxd7 14. f3 Rad8 15. Qd6 Rde8 16. Qxe7 Rxe7 17. Bc4 b5 18. Bb3 a6 19. Rd2 a5 20. a4 b4 21. Ne2 Be6 22. Bxe6 Rxe6 23. Nd4 Rd6 24. Rhd1 Kh7 25. Nb3 Rxd2 26. Rxd2 Ra8 27. Rd6 Kg7 28. Rxc6 Nh7 29. Rc5 f6 30. Rxa5 Rd8 31. Rd5 Rc8 32. Rd4 g5 33. hxg5 fxg5 34. Rxb4 h4 35. Nd4 Nf6 36. Rb7+ Kg6 37. Nf5 g4 38. Nxh4+ Kg5 39. Nf5 gxf3 40. gxf3 Kf4 41. Nd4 Ke3 42. c3 Nh5 43. e5 Nf4 44. e6 Rh8 45. Kb1 Nd3 46. e7 Kd2 47. Nb3+ Ke3 48. Rd7 Rb8 49. Ka2 Ra8 50. Ka3 Re8 51. a5 Ne5 52. Rc7 Kxf3 53. a6 Ke4 54. a7 Kd5 55. Rb7 Nc6 56. Na5 Nxa5 57. Rb8 1-0

[Event "Titled Tuesday intern op 30th Jul Early"]
[Site "Chess.com INT"]
[Date "2024.07.30"]
[Round "2"]
[White "Chernov, Alexander A"]
[Black "Gelman, Alexander"]
[Result "0-1"]
[WhiteElo "2314"]
[BlackElo "2403"]
[PlyCount "76"]
[EventDate "2024.07.30"]
[EventType "swiss (blitz)"]
[EventRounds "11"]
[EventCountry "USA"]
[SourceTitle "EXT 2025"]
[Source "ChessBase"]
[SourceDate "2024.10.14"]
[SourceVersion "1"]
[SourceVersionDate "2024.10.14"]
[SourceQuality "1"]

1. d4 Nf6 2. Nf3 c5 3. d5 e6 4. c4 b5 5. a4 bxc4 6. Nc3 exd5 7. Nxd5 Nc6 8. Bg5 Be7 9. Nxe7 Qxe7 10. e3 Ba6 11. Rc1 Na5 12. Be2 0-0 13. 0-0 Rfd8 14. e4 Qxe4 15. Bxf6 gxf6 16. Re1 Qf5 17. Qd6 Bb7 18. Qc7 Nb3 19. Rxc4 Bd5 20. Bd3 Qxd3 21. Rg4+ Qg6 22. Rxg6+ hxg6 23. Qd6 Be6 24. h3 Rac8 25. h4 Kg7 26. h5 gxh5 27. Qg3+ Kf8 28. Qh4 Ke7 29. Qxh5 Rg8 30. Qh4 Rg4 31. Qh6 Rcg8 32. g3 f5 33. Nh4 Nd4 34. Qe3 f4 35. Qe5 d6 36. Qh5 fxg3 37. fxg3 Rxg3+ 38. Kh2 Rh3# 0-1

[Event "Titled Tuesday intern op 23rd Jul Early"]
[Site "Chess.com INT"]
[Date "2024.07.23"]
[Round "1"]
[White "Chernov, Alexander A"]
[Black "Papayan, Oleg"]
[Result "1/2-1/2"]
[WhiteElo "2314"]
[BlackElo "2183"]
[PlyCount "86"]
[EventDate "2024.07.23"]
[EventType "swiss (blitz)"]
[EventRounds "11"]
[EventCountry "USA"]
[SourceTitle "EXT 2025"]
[Source "ChessBase"]
[SourceDate "2024.10.14"]
[SourceVersion "1"]
[SourceVersionDate "2024.10.14"]
[SourceQuality "1"]

1. d4 d5 2. Nf3 Nf6 3. c4 dxc4 4. e3 e6 5. Bxc4 a6 6. 0-0 c5 7. Qe2 cxd4 8. Rd1 Nc6 9. exd4 Be7 10. Nc3 0-0 11. d5 exd5 12. Nxd5 Nxd5 13. Bxd5 Qc7 14. Bg5 Bg4 15. Bxe7 Qxe7 16. Qxe7 Nxe7 17. Bxb7 Rab8 18. Bxa6 Bxf3 19. gxf3 Rxb2 20. a4 Ra8 21. Bd3 g6 22. a5 Ra7 23. a6 Kg7 24. Rab1 Rxb1 25. Rxb1 Nc6 26. Rb7 Rxb7 27. axb7 Kf6 28. Bb5 Nb8 29. Kg2 Ke5 30. Kg3 f6 31. h4 Kd6 32. h5 Kc7 33. hxg6 hxg6 34. Bd3 Kxb7 35. Bxg6 Kc7 36. Bd3 Nc6 37. Kf4 Kd6 38. Kf5 Ke7 39. Be4 Nd4+ 40. Kf4 Ne6+ 41. Kf5 Nd4+ 42. Kf4 Ne6+ 43. Kf5 Nd4+ 1/2-1/2